|
|
|
|
| LEADER |
00000nam a2200000 a 4500 |
| 001 |
vtls008402938 |
| 003 |
SK-MaSNL |
| 005 |
20260302074801.0 |
| 008 |
251029s1954 xo slo |
| 015 |
|
|
|a SKSNBA19451955-012774
|
| 035 |
|
|
|a SK01SNKBKSFS20020095155
|
| 035 |
|
|
|a SKM000097618
|
| 040 |
|
|
|a SNK
|b slo
|c SNK
|e AACR2
|
| 041 |
1 |
|
|a slo
|h rus
|
| 044 |
|
|
|a xo
|c SK
|
| 080 |
|
|
|a 63(47+57)
|2 1981
|
| 100 |
1 |
|
|a Trudoljubov, Boris Adrianovič
|4 aut
|9 740826
|
| 245 |
1 |
0 |
|a Molotovov sovchoz
|c B[oris] A[drianovič] Trudoljubov ; (z rus. orig. prel. A. Valček)
|
| 250 |
|
|
|a 1. vyd.
|
| 260 |
|
|
|a Bratislava
|b ŠPN
|c 1954
|e Prešov
|f Dukelské tlač.
|
| 300 |
|
|
|a 162, [2] s.
|c V. 8°
|
| 490 |
0 |
|
|a Vzory nášho poľnohospodárstva
|v zv. 21
|
| 500 |
|
|
|a Ilustrované
|
| 563 |
|
|
|a 1.700 výtlač.
|
| 650 |
0 |
7 |
|a poľnohospodárstvo
|x skúsenosti sovietske
|2 SNK
|9 740827
|
| 655 |
|
7 |
|a knihy
|2 SNKPH
|9 307098
|
| 700 |
1 |
|
|a Valček, A.
|4 trl
|9 740828
|
| 830 |
|
0 |
|a Vzory nášho poľnohospodárstva
|9 309597
|
| 852 |
|
|
|a Slovenská národná knižnica v Martine
|b 10000
|h MS SD 9504
|
| 958 |
|
|
|a OND
|
| 958 |
|
|
|a RK
|
| 958 |
|
|
|a TL
|
| 999 |
|
|
|c 1166471
|d 1168401
|
| 952 |
|
|
|a SNK
|b SNK
|y PREZ
|7 0
|p 17A0407130
|o snkSD 9504
|i snkMS 194/55
|0 0
|1 0
|4 0
|d 2003-12-20
|l 0
|r 2025-11-24 00:00:00
|w 2026-02-24
|
| 952 |
|
|
|a SNK
|b SNK
|y VYP
|7 0
|p 17A1076910
|o snkSD 9504 D1
|i snkI. 993/55
|0 0
|1 0
|4 0
|d 2015-01-09
|l 0
|r 2026-02-24 20:50:29
|w 2026-02-24
|